Stochastické procesy a modely
Saved in:
| Main Author: | |
|---|---|
| Corporate Author: | |
| Other Authors: | |
| Format: | Book |
| Language: | Slovak |
| Published: |
Bratislava
VŠE
1992
|
| Edition: | 1. vyd. |
| Subjects: | |
| Tags: |
No Tags, Be the first to tag this record!
|
MARC
| LEADER | 00000nam a2200000 4500 | ||
|---|---|---|---|
| 001 | c000622 | ||
| 005 | 20221214090644.8 | ||
| 020 | |a 80-225-0340-1 | ||
| 041 | 0 | |a slo | |
| 044 | |a SK | ||
| 245 | 1 | 0 | |a Stochastické procesy a modely |c Ladislav Unčovský, Katarína Čemická |
| 250 | |a 1. vyd. | ||
| 264 | 1 | |a Bratislava |b VŠE |c 1992 | |
| 300 | |a 220 s. | ||
| 610 | 2 | 0 | |a informatika |
| 610 | 2 | 0 | |a modely matematické |
| 610 | 2 | 0 | |a reťazce Markovove |
| 610 | 2 | 0 | |a teória pravdepodobnosti |
| 610 | 2 | 0 | |a obsluha |
| 610 | 2 | 0 | |a metódy matematické |
| 610 | 2 | 0 | |a modely zásob |
| 610 | 2 | 0 | |a modely statické |
| 610 | 2 | 0 | |a obnova fondov základných |
| 610 | 2 | 0 | |a modely obnovy |
| 610 | 2 | 0 | |a modely spoľahlivosti |
| 100 | 1 | |a Unčovský, Ladislav | |
| 700 | 1 | |a Čemická, Katarína | |
| 710 | 2 | |a Vysoká škola ekonomická v Bratislave. Fakulta hospodárskej informatiky | |